000 00472nam a2200193Ia 4500
005 20231123100539.0
008 131103s9999 xx 000 0 und d
020 _a140044094
040 _aLoreto College
041 _aEnglish
082 _aF
_bWHI
100 _aWhite,Patrick
245 2 _aA fringe of leaves
_cPatrick White
260 _aHarmondsworth
_bPenguin Books
_c1976
300 _a366 p.
650 _aFiction in English
850 _aLCLIB
942 _cBK
999 _c14387
_d64866